000 00460nam a2200145Ia 4500
008 100204s9999 xx 000 0 und d
082 _b8748
100 _aभावे पुरुषोत्तम भास्कर
245 _aदर्शन
260 _b"कॉन्टीनेंटल बुक सर्व्हिस, पुणे"
_c1986
300 _a155
630 _aदर्शन
730 _aदर्शन
942 _cBOOK
999 _c453184
_d453181